RICS housing accessibility and affordability update for Great Britain - Q2 2008 (Record no. 108463)
[ view plain ]
| 000 -LEADER | |
|---|---|
| fixed length control field | 01726cad a2200241 4500 |
| 001 - CONTROL NUMBER | |
| control field | L144336 |
| 008 - FIXED-LENGTH DATA ELEMENTS--GENERAL INFORMATION | |
| fixed length control field | 080711e20080711xxkd f s 000 0 eng u |
| 035 ## - SYSTEM CONTROL NUMBER | |
| System control number | (Sirsi) u144336 |
| 041 0# - LANGUAGE CODE | |
| Language code of text/sound track or separate title | eng |
| 050 04 - LIBRARY OF CONGRESS CALL NUMBER | |
| Classification number | 333.33 $2 18 |
| 110 2# - MAIN ENTRY--CORPORATE NAME | |
| Corporate name or jurisdiction name as entry element | Royal Institution of Chartered Surveyors |
| Subordinate unit | Economics |
| 9 (RLIN) | 5033 |
| 245 00 - TITLE STATEMENT | |
| Title | RICS housing accessibility and affordability update for Great Britain - Q2 2008 |
| Medium | [electronic resource] |
| 260 ## - PUBLICATION, DISTRIBUTION, ETC. | |
| Place of publication, distribution, etc. | RICS |
| Name of publisher, distributor, etc. | London |
| Date of publication, distribution, etc. | 2008 |
| 490 #0 - SERIES STATEMENT | |
| Series statement | RICS Accessibility and Affordability Indices |
| Volume/sequential designation | Q2 2008 |
| 520 ## - SUMMARY, ETC. | |
| Summary, etc. | Finds that accessibility in Great Britain worsened as mortgage lenders reduced the amount they were prepared to lend first time buyers (FTBs). Affordability in Great Britain improved as house prices fell and the amount lent fell slightly. Lower quartile earnings continue to grow slower than the preferred measure of living costs: RPIX. As a result, real incomes edged down for the tenth consecutive quarter since the peak in 2006 Q1, yet are only down 0.7% in that time. London is the least accessible region in Great Britain and the North East and Scotland are the most accessible regions. London is the least affordable region in Great Britain and North East England is the most affordable region. In the past year London has seen the largest deterioration in accessibility, while the South East and the North East have seen the biggest improvements in affordability. |
| 590 ## - LOCAL NOTE (RLIN) | |
| Local note | KA |
| 650 24 - SUBJECT ADDED ENTRY--TOPICAL TERM | |
| Topical term or geographic name entry element | RICS AFFORDABILITY INDEX |
| 650 24 - SUBJECT ADDED ENTRY--TOPICAL TERM | |
| Topical term or geographic name entry element | RICS ACCESSIBILITY INDEX |
| 651 #4 - SUBJECT ADDED ENTRY--GEOGRAPHIC NAME | |
| Geographic name | United Kingdom |
| Chronological subdivision | |
| 690 ## - LOCAL SUBJECT ADDED ENTRY--TOPICAL TERM (OCLC, RLIN) | |
| Topical term or geographic name as entry element | Residential property |
| 9 (RLIN) | 6266 |
| 856 40 - ELECTRONIC LOCATION AND ACCESS | |
| Uniform Resource Identifier | <a href="https://www.rics.org/site/scripts/download_info.aspx?downloadID=1384">https://www.rics.org/site/scripts/download_info.aspx?downloadID=1384</a> |
| Public note | View the document free online at www.rics.org... |
| 942 ## - ADDED ENTRY ELEMENTS (KOHA) | |
| Suppress in OPAC | 0 |
| Withdrawn status | Lost status | Source of classification or shelving scheme | Damaged status | Not for loan | Home library | Current library | Shelving location | Date acquired | Total Checkouts | Full call number | Barcode | Date last seen | Copy number | Price effective from | Koha item type |
|---|---|---|---|---|---|---|---|---|---|---|---|---|---|---|---|
| Dewey Decimal Classification | Virtual | Virtual | Online | 11/07/2008 | ONLINE PUBLICATION | 144336-1001 | 06/08/2019 | 1 | 06/08/2019 | Book |